[Event "Moscow FIDE GP"]
[Site "Moscow"]
[Date "2019.05.22"]
[Round "2.1"]
[White "Dubov, Daniil"]
[Black "Nakamura, Hikaru"]
[Result "0-1"]
[WhiteElo "2690"]
[BlackElo "2761"]
[Annotator "Meyer,CD"]
[PlyCount "158"]
[EventDate "2019.05.17"]
[EventType "k.o."]
[EventRounds "4"]
[EventCountry "RUS"]
[SourceTitle "CBM 190"]
[Source "ChessBase"]
[SourceDate "2019.06.30"]
[SourceVersion "1"]
[SourceVersionDate "2019.06.30"]
[SourceQuality "1"]

{EIN KOMPLEXES ENDSPIEL (Kaleidoskop der Transformationen, Grenzbereiche der
praktischen Partie und Analyse)} 1. c4 e5 2. Nc3 Nf6 3. Nf3 Nc6 4. g3 d5 5.
cxd5 Nxd5 6. Bg2 Nb6 7. O-O Be7 8. b3 O-O 9. Bb2 Re8 10. Rc1 Bf8 11. d3 Nd4 12.
e3 Nxf3+ 13. Qxf3 c6 14. Rfd1 Qg5 15. h4 Qg4 16. Ne4 Qxf3 17. Bxf3 a5 18. Nc5
a4 19. d4 axb3 20. axb3 Ra2 21. Bc3 Nd5 22. Bxd5 cxd5 23. Nd3 Bg4 24. Rd2 Rxd2
25. Bxd2 exd4 26. exd4 Bf5 27. Nc5 Re2 28. Be3 Rb2 29. Nxb7 Rxb3 30. Nc5 Rb4
31. Ra1 f6 32. Ra8 $6 (32. f3 h5 33. Ra8 $11) 32... Kf7 {[#] In dieser
ausgeglichenen Situation beginnen die Probleme des Anziehenden, indem sein
Turm sich im feindlichen Lager verirrt.} 33. Rd8 $2 ({Zu optimistisch, besser
war das prophylaktische} 33. f3 $142 {- aus Respekt vor dem gegnerischen
Läuferpaar bzw. vor der schwächlichen Peripherie um den eigenen König, z.B.:
} h5 (33... Bxc5 34. dxc5 d4 35. Bf4 Rc4 36. Ra7+ Ke6 37. Rxg7 Rxc5 38. Rc7
Rxc7 39. Bxc7 Kd5 40. Bd8 (40. Kf2 $11) 40... Kc4 41. Bxf6 d3 42. Kf2 Kb3 43.
Ke1 Kc2 44. Bg5 $11 Bc8 45. Bd2 Bb7 46. f4 (46. g4 Bxf3) 46... Bc8) (33... Bd6
34. Ra7+ Kg8 35. g4 Bc8 36. Ra8 Rb8 37. Ra7 $11) 34. Rd8 (34. Ra7+) 34... Be7
35. Rxd5 g6 36. Ne4 Rb3 37. Kf2 Bb4 38. Bf4 Rb2+ 39. Ke3 Rb3+ 40. Kf2 Rb2+ $11)
33... Be7 $1 {[#]} 34. Rxd5 $2 {Dieser Bauernfraß kostet unweigerlich die
Qualität (für Läufer plus Bauer). Folgende abwartende Turmzüge - zum Teil
mit dem Thema Türme und ungleichfarbige Läufer - verdienen indes Beachtung:}
({I} 34. Ra8 $6 Bxc5 35. dxc5 d4 36. Ra7+ (36. Bf4 $2 Rb1+ 37. Kh2 Be4 38. Ra7+
Kg6 39. g4 h5 $1 $19 40. g5 (40. f3 Rb2+ 41. Kg1 (41. Kg3 Rb3) 41... Bxf3 42.
gxh5+ Kf5 $1)) 36... Ke6 37. Bf4 (37. Bd2 Rb2 38. Bf4 Rb1+ {ist Zugumstellung})
37... Rb1+ 38. Kg2 (38. Kh2 Be4 39. g4 f5 $1 $17) 38... Be4+ 39. f3 $8 Rb2+ 40.
Kg1 Bb7 $1 $17) ({II} 34. Rh8 $142 {mag das geringste Übel sein, wenngleich
der Turm eine Zeitlang eingesperrt werden kann, z.B.} Bf8 (34... Bg4 35. Kg2
Bxc5 36. dxc5 d4 37. Bf4 Rb3 38. Kh2 Bf3 (38... h5 $143 39. c6) 39. g4 Bxg4 (
39... Rc3 $143 40. Rd8 Bxg4 41. Rxd4 Rxc5 42. Be3 Be6 43. Rd7+ Bxd7 44. Bxc5)
40. c6 Rf3 41. Bg3 Rc3 42. c7 Bd7 43. Rb8 d3 44. Rb4 {/\Rd4=/+}) (34... Bxc5
35. dxc5 d4 36. Bf4 Rb1+ 37. Kh2 Be4 38. g4 $15) 35. f3 $15 Rb1+ (35... Bc2 36.
g4 Rb2 (36... Bd1 37. g5 Bxf3 38. gxf6 Bxc5 39. dxc5 d4 40. Bg5 gxf6 41. Bxf6)
37. g5 Bf5 38. h5 Rc2 39. gxf6 gxf6 40. h6 $15) (35... Rb2 36. g4 Bc2 37. g5
Bf5 {ist Zugumstellung zu 45...Bc2/37...Bf5}) 36. Kg2 Rb2+ 37. Bf2 Ra2 $5 38.
g4 Bc2 39. h5 h6 40. Nd7 Bd6 41. Rc8 Bb3 42. Rc6 Bf4 43. Nc5 Bc4 44. Re6 $15 {
und es scheint, dass die Verteidigung standhält.}) 34... Bc8 $1 {[#]
Offenbart das Dilemma des Weißen, der nun unter seiner anfälligen
Königsstellung als auch unter seinem eingeklemmten Turm schwer laboriert:} 35.
Kf1 {[#]} ({I} 35. f3 Rb5 $1 36. g4 g6 37. g5 Be6 38. gxf6 Bxd5 39. fxe7 Kxe7
$17) ({II} 35. g4 Rb5 $1 ({Hier ist} 35... Bxg4 $5 {eine interessante
Alternative zum Qualitätsgewinn:} 36. Nd3 Ra4 $17) 36. f3 g6 37. g5 Be6 38.
gxf6 Bxd5 39. fxe7 Kxe7 $17) ({III} 35. Nd3 $2 Rb1+ 36. Nc1 (36. Kh2 Bb7 $19)
36... Ba3 37. Rc5 Bxc5 38. dxc5 Ba6 $19 {mit für Schwarz technischer
Gewinnstellung}) 35... Rb5 $1 36. Ke2 (36. Ke1 Be6 37. Rh5 Bg4 38. Rd5 (38.
Rxh7 Kg8 $19) 38... g6 39. Kd2 Be6 40. Nxe6 Rxd5 41. Nf4 Ra5 $17) 36... Be6 37.
Nxe6 (37. Rh5 $4 Bg4+) 37... Rxd5 $17 38. Nc5 {[#]} (38. Nf4 Ra5 $17) 38... f5
({Die vereinfachende Abwicklung} 38... Bxc5 $142 39. dxc5 Ke6 {nebst
geduldiger Einschnürung kam m. E. auch in Betracht, z.B.} 40. Kf3 (40. g4 h5)
40... h5 {Dieser bekannte Endspieltyp, in dem Weiß eine Lockerung seiner
Struktur tunlichst vermeiden muss und zur Passivität verurteilt ist, bietet
Schwarz freilich gute Gewinnchancen. Ob die Stellung allerdings bei bester
Behandlung tatsächlich gewonnen ist, scheint nicht klar zu sein. Und dies
dürfte auch der Grund dafür sein, warum sich Nakamura mit mehr Holz auf dem
Brett bessere praktische Chancen ausgerechnet hat und auch im Folgenden den
Läufer-/Springertausch verschmäht. Die anschließenden sehr gehaltvollen, am
Turnierbrett mitunter kaum zu überblickenden Kampfhandlungen, bei denen
etliche knifflige Entscheidungen zu treffen sind und Weiß zu böser Letzt dem
andauernden Druck erliegt, werfen diverse interessante Fragen auf.}) 39. Nd3
Bd6 40. Kf3 Bc7 41. Nf4 Ra5 42. Ne2 Ra3 43. Nf4 Rb3 44. Nd5 Bb8 45. Nf4 Ba7 46.
Ke2 Ra3 47. Nd3 Ke6 48. Nf4+ Kd6 49. Nh5 $6 ({Genauer war} 49. Nh3 $142 {
, um die gegnerischen Bauernstruktur zu lockern, z.B.} Bb6 50. Ng5 h6 51. Nh3
Kd5 52. Nf4+ Kc4 53. Ne6 Ra7 54. h5 {, und hier hat Weiß größere
Überlebenschancen als in der Partie:} Re7 55. Nc5 Kd5 (55... Bxc5 $2 56. dxc5
Kd5 57. Kf3 Re4 58. Bf4 Kxc5 59. g4 Kd5 60. gxf5 $11) 56. Kf3 Kc4 57. Kf4 (57.
Kf4 Rf7 58. Ne6)) 49... g6 50. Nf4 Bb6 51. Kd2 Kc6 (51... Bd8 $142 52. Ke2 Bf6)
52. Ke2 Kd6 53. Kd2 Bd8 54. Ke2 Bf6 {Womit Schwarz sich effizient aufgestellt
hat. Nun soll durch den Einsatz seines Königs via c6-b5-c4 die Verteidigung
in die Zange genommen werden.} 55. Kd2 Kc6 56. Ke2 Kb5 {[#] Die Lage spitzt
sich zu, und guter Rat ist teuer für Weiß.} 57. h5 $2 {ein schlechter Moment
für diesen Hebel} ({I} 57. d5 $2 Kc4 58. d6 Ra6 59. Ne6 Be7 $3 (59... Rxd6 $2
60. Nf8) 60. dxe7 Rxe6 61. Kf3 Rxe7 $19 {mit technischer Gewinnstellung}) ({
II Indes nach} 57. Nd5 $5 {und z.B.} Bg7 58. Nf4 Kc4 59. h5 gxh5 60. Nxh5 Bxd4
61. Kf3 $15 {ist nicht zu erkennen, dass Schwarz (trotz glattem Qualitätsplus)
siegen kann:} ({auch} 61. Nf4 $15) 61... Be5 62. Nf4 Rb3 63. Ne6 Kd5 64. Nf4+
Kd6 65. Nh3 Ke7 66. Nf4 Bd4 67. Nd5+ Ke6 68. Nf4+ Ke5 69. Ne2 Bxe3 70. fxe3 {
und der Angreifer beißt auf Eisen.}) 57... g5 $1 58. Nd5 Bd8 59. Bd2 Ra7 $2 ({
Wahrscheinlich verpasste Schwarz hier mit} 59... Kc6 $142 $1 {und z.B.} 60. Ne3
(60. Nb4+ Kd6 61. Nc2 Rb3 $19) 60... f4 61. gxf4 gxf4 62. Nc2 (62. Nc4 f3+ $19)
62... f3+ $19 {(jeweils) eine technische Gewinnstellung -} 63. Kd1 Ra4 64. Ne1
Rxd4 65. Nxf3 Rd5 $1 66. h6 (66. Ke2 Rxh5) 66... Ba5 67. Ke2 Bxd2 68. Nxd2 Rh5)
60. Kd3 $2 ({Alternativen: I} 60. f4 $2 g4 61. Ne3 Bb6 $1 62. Bc3 (62. Nxf5
$143 Kc4 $1 63. Ne3+ Kxd4 64. Nxg4 Ra2 $1 $19 65. Ne5 Ke4) 62... Ra3 63. Bd2
Kc6 64. Nxf5 Kd5 65. Ne3+ Ke4 66. Nxg4 Ra2 $1 67. Ne3 (67. Nf6+ Kxd4 $19 68.
Nxh7 Ba5) 67... Bxd4 68. Nd1 Kf5 $19) ({II} 60. Ne3 $1 {ist jedoch erstaunlich
resistent:} Ra2 (60... Rf7 61. Kd3 f4 62. Nc4 fxg3 (62... Bc7 63. gxf4 gxf4 (
63... Bxf4 64. Be3) 64. Ne5 (64. Bc1 Rd7 65. h6 Re7 (65... Rd5 66. Ne5 $1 Bxe5
67. Ke4 Rxd4+ 68. Kxe5 $11) 66. Ne5) 64... Bxe5 65. dxe5 Rd7+ 66. Ke2 f3+ 67.
Ke3 Kc4 68. Bc1 Kd5 69. Kxf3 Kxe5 70. Be3 Rd1 71. Kg4 Rg1+ 72. Kf3 Kf5 73. Bd2
Rh1 74. Kg3 Rxh5 75. Be3 $11 {mit Remisstellung}) 63. Nd6+ Ka6 64. fxg3 Rf3+
65. Ke4 Rxg3 66. Nf7 Bf6 67. d5 $11) (60... f4 {verpufft hier nach} 61. gxf4
gxf4 62. Nf5 Ra2 63. Kd3 Kc6 (63... Bc7 64. f3) 64. Bxf4 Rxf2 65. Ke4 $15) 61.
Nxf5 Ba5 62. Nd6+ Kc6 63. Nc4 Bxd2 64. Nxd2 Kd5 65. Ke3 Ra3+ 66. Ke2 g4 67. f3
Ke6 68. h6 Kd5 69. fxg4 Rxg3 70. Nf1 Ra3 71. Nd2 Kxd4 72. Nf3+ Kd5 73. Ng5 Ra7
74. Kf3 Ke5 75. Kg3 Kf6 76. Nf3 Kg6 77. Ne5+ Kxh6 $11 {mit Remisstellung})
60... Rd7 $2 (60... Ra3+ $142 $1 61. Ke2 Kc6 $1 {(-+) ist Zugumstellung zur
obigen Anmerkung mit 59...Kc6!}) 61. Ne3 Rf7 62. Nc4 Rf8 63. Ne5 $5 (63. f4 $5
g4 64. Ne3 Rf7 65. Bc3) 63... Be7 64. f3 Ra8 {[#]} 65. Nf7 $2 ({Nicht der
letzte Fehler in diesem komplexen, schwierigen Endspiel. Allem Anschein nach
hätte sich Weiß nach} 65. Nc4 $142 $1 {und z.B.} Ra4 66. Ne3 Ra3+ 67. Ke2 f4
68. gxf4 gxf4 69. Nf5 Bg5 70. Nd6+ Kc6 71. Ne4 h6 (71... Bh6 72. Nf6 Ra7 73.
Kd3) 72. Nc3 Ra1 (72... Kd7 73. Kd3 Ra1 74. Ne4 Rh1 75. Nxg5 hxg5 76. Ke4 $11)
73. Kd3 {behaupten können.}) 65... Ra3+ 66. Ke2 Kc4 67. Bxg5 Bb4 $2 ({
Übersieht ein geschicktes Springermanöver, während die Abwicklung} 67...
Kxd4 $142 $1 {nach} 68. Bxe7 Re3+ 69. Kf2 Rxe7 70. Nh6 Ke5 71. f4+ Ke6 $1 $19 {
der direkte Weg zu einer technischen Gewinnstellung gewesen wäre.}) 68. Ne5+
$1 Kd5 (68... Kxd4 $4 69. Nc6+ Kc4 70. Nxb4 $18 Kxb4 71. Be7+) 69. Nd3 $2 ({
Der letzte, entscheidende Fauxpas. Nach} 69. g4 $142 $1 {und z.B.} fxg4 70.
Nxg4 Kxd4 71. f4 Ra7 72. Nf6 Rf7 73. Kf3 $15 {hätte Weiß gute
Rettungschancen gehabt und weiterhin hartnäckigen Widerstand leisten können.}
) 69... Ra2+ 70. Kf1 Bd2 71. Bf6 ({Oder z.B.} 71. Nf4+ Kxd4 72. Ne6+ Kd3 73.
Nc5+ (73. h6 Be3) 73... Kc3 74. Bf6+ (74. Ne6 h6 75. Be7 (75. Bxd2+ $143 Kxd2)
75... Be3 $19) 74... Kc4 75. Nd7 Be3 $19) 71... Kc4 72. Ne5+ Kxd4 $19 {[#] Der
Rest ist Agonie.} 73. g4 ({Andere Schlussbeispiele: I} 73. Nf7+ Ke3 74. Ne5 Rc2
75. Bg7 (75. Bg5+ Kd4 76. Bf6 Be3 77. Ng4+ Kd3 78. Ne5+ Kd2 79. h6 Kd1 $19)
75... Ba5 76. Bh6+ Kd4 77. Nf7 Bc7 78. g4 fxg4 79. fxg4 Kd3 $19) ({II} 73. Bg7
Kd5 74. Nd3 Ke6 75. Bd4 Rc2 $1 76. Bf2 (76. Bg7 Be3 $19) (76. Ne1 Bxe1 77. Kxe1
Rh2 $19) 76... Kf6 $19) 73... Bf4 74. Ng6+ Ke3 75. Nh4 fxg4 76. fxg4 h6 77. Kg1
Bh2+ 78. Kf1 Rf2+ 79. Ke1 Rxf6 0-1

[Event "Tashkent FIDE GP (Women)"]
[Site "Tashkent"]
[Date "2013.09.20"]
[Round "3"]
[White "Lagno, Kateryna"]
[Black "Danielian, Elina"]
[Result "1-0"]
[WhiteElo "2532"]
[BlackElo "2470"]
[Annotator "Mikhalchishin,A"]
[PlyCount "65"]
[EventDate "2013.09.18"]
[EventType "tourn"]
[EventRounds "11"]
[EventCountry "UZB"]
[EventCategory "10"]
[SourceTitle "CBM 157"]
[Source "ChessBase"]
[SourceDate "2013.11.12"]
[SourceVersion "1"]
[SourceVersionDate "2013.11.12"]
[SourceQuality "1"]

1. c4 e5 2. Nc3 Nf6 3. Nf3 Nc6 4. g3 Bb4 5. Bg2 O-O 6. O-O Re8 ({A sharper
line is the famous} 6... e4 7. Ng5 Bxc3 8. bxc3 Re8 9. f3 $1 e3) 7. Nd5 e4 ({
I would prefer} 7... Nxd5 8. cxd5 Nd4 9. Nxd4 exd4 10. e4 b6) 8. Ne1 d6 (8...
Bf8 {is not very good:} 9. d3 exd3 10. Nxd3 $16) ({A better line is} 8... Bd6
9. d3 Nxd5 10. cxd5 exd3 11. Nxd3 Ne5 12. Qc2 b6) 9. d3 Bxe1 (9... exd3 {
is simply bad:} 10. Nxd3 $16) 10. Rxe1 exd3 11. Bg5 $1 {A powerful pawn
sacrifice. But it has been played before.} dxe2 ({Even worse is} 11... Ne5 12.
exd3 c6 13. Bxf6 gxf6 14. Ne3 f5 15. d4 Ng6 16. f4 Bd7 17. Qd2 Qf6 18. b4 a5
19. bxa5 Ra7 20. Rab1 Rea8 21. Nc2 {with a big advantage, Nielsen,P (2485)
-Magai,V/Moscow 1994}) 12. Rxe2 Be6 ({Another try was} 12... Rxe2 13. Qxe2 Be6
14. Nxf6+ (14. Bxf6 {was better:} gxf6 15. Re1) 14... gxf6 15. Bh4 ({The
correct way was to keep the bishop on the other diagonal:} 15. Bd2) 15... Ne5
16. Bxb7 Bxc4 (16... Rb8 17. Be4 $1 $16) 17. Qh5 Rb8 18. Be4 Ng6 19. b3 Ba6 (
19... Be6 20. Re1 $16) 20. Re1 Rb5 {The position is very unclear, as Black
keeps counterchances; Smyslov,V-Mestel,A/Hastings 1972}) 13. Nxf6+ ({An
alternative is also playable:} 13. Bxf6 gxf6 14. Nf4 Bxc4 15. Rxe8+ Qxe8 16.
Qg4+ Kf8 17. Qh4 Qe5 18. Qh6+ Ke8 19. Qxh7 Rd8 20. Qc2 {with very serious
compensation.}) 13... gxf6 14. Bh4 Ne5 15. Qd4 Kg7 16. b3 c6 17. Rae1 Ng6 $2 ({
It was necessary to keep bishop on h4 at any price} 17... h6 18. f4 Ng6 19. f5
Nxh4 20. Qxh4 Qb6+ 21. Kh1 Bd7) 18. Bg5 $1 {Now the white bishop is ready to
be transferred to the long diagonal, which will be deadly for Black.} h6 19.
Bc1 Qb6 ({A winning attack would be conducted after} 19... h5 20. Qd2 Rh8 21.
Bb2 d5 22. cxd5 Bxd5 23. Qg5 Bxg2 24. Re7 $18) 20. Qd2 $1 {It was not
neccessary to win pawns and thus to allow the opponent some activity.} (20.
Qxd6 Rad8) 20... Rh8 21. Bb2 a5 ({Black would have no breathing space after} 
21... Rad8 22. Bd4 c5 23. Bc3 Qc7 24. f4) 22. Qxd6 ({Another way of realising
the advantage was} 22. Rxe6 fxe6 23. Rxe6 Rhf8 24. Be4) 22... Qd8 ({Or} 22...
Rad8 23. Qa3 Rhe8 24. Bc3) 23. Qc5 a4 24. Qb4 (24. f4 {was possible:} Bg4 25.
Re3) 24... axb3 25. axb3 Bg4 26. Re4 (26. f3 {would be slightly more precise:}
Be6 27. f4) 26... Bf5 27. R4e3 Ra2 28. Bc3 Rc2 29. Qxb7 {This is the end.} Bd7
30. Bxc6 Bc8 31. Qa7 Qd6 32. Be4 Rxc3 33. Rxc3 1-0

[Event "Biel GM 48th"]
[Site "Biel"]
[Date "2015.07.25"]
[Round "6"]
[White "Eljanov, Pavel"]
[Black "Vachier Lagrave, Maxime"]
[Result "1/2-1/2"]
[WhiteElo "2723"]
[BlackElo "2731"]
[Annotator "Mokal,P"]
[PlyCount "93"]
[EventDate "2015.07.20"]
[EventType "tourn"]
[EventRounds "10"]
[EventCountry "SUI"]
[EventCategory "19"]
[SourceTitle "CBM 168"]
[Source "ChessBase"]
[SourceDate "2015.09.14"]
[SourceVersion "1"]
[SourceVersionDate "2015.09.14"]
[SourceQuality "1"]

1. c4 e5 2. Nc3 Nf6 3. Nf3 Nc6 4. g3 d5 5. cxd5 Nxd5 6. Bg2 Nb6 7. O-O Be7 8.
a3 O-O 9. d3 Re8 10. b4 Bf8 11. Bb2 {White has a number of alternatives here.
For example Rb1 or Be3 or Nd2.} a5 12. b5 Nd4 13. Nd2 c6 14. bxc6 Nxc6 15. Rc1
(15. Nc4 Be6 16. Nxb6 Qxb6 17. Rb1 Qa6 {1/2-1/2 McShane,L (2645)-Nakamura,H 
(2741)/London 2010/CBM 140/[Marin,M] (50); is fine for Black.}) (15. Nb5 a4 16.
Rb1 {has been the tabiya of this variation in the past. Then Black has tried}
Be6 ({Also possible is} 16... Bg4 17. Re1 Qd7 18. Ba1 Be6 {/\...Ba2-Bd5.} 19.
Qc2 Rec8 $11 {1-0 Huebner,R (2628)-Ruck,R (2569)/Leipzig GER 2002/[Tony Kosten]
(41), with good play for Black.}) 17. Ba1 (17. e3 Qd7 {seems fine for Black.})
17... Qd7 18. Qc2 Rec8 19. Qb2 f6 20. d4 Rd8 {with a decent position. For
example} 21. Rfd1 {[%cal Gd1d7]} exd4 $142 (21... Na5 $132 {[%csl Yc4][%cal
Ga5c4] 1/2-1/2 Markowski,T (2549)-Huebner,R (2640)/Germany 2003/CBM 093/[Ribli]
(30)}) 22. Rbc1 (22. Bxc6 $6 bxc6 23. Nxd4 Nc4 $1 24. Nxc4 Bxc4 $17) 22... Rac8
$15) (15. Rb1 a4 16. Nb5 {- 15.Nb5.}) 15... a4 16. Nce4 Ra5 17. Nc4 (17. Rb1
Bg4 18. h3 Be6 19. Bc1 Nd4 $15 {1/2-1/2 Kashlyan-Daniliuk,S (2440)/Minsk 1994/
EXT 1997 (69); was awkward for White.}) 17... Nxc4 (17... Rb5 $6 18. Nc3 $1 (
18. Ba1 $2 Nxc4 {[%csl Rb3]} 19. dxc4 (19. Rxc4 Be6 $1 $15) 19... Rb3 $15)
18... Nxc4 (18... Rxb2 19. Nxb2 Bxa3 20. Rb1 $16) (18... Rb3 $2 19. Nxa4 $1 $16
) 19. Nxb5 Nxb2 20. Qc2 Nxd3 (20... Qb6 $2 21. Qxb2 Nd4 22. Rb1 $16) 21. exd3
$14 {[%csl Ra4][%cal Gg2b7] 0-1 Budnikov,A (2400)-Yakovich,Y (2520)/
Vladivostok 1990/EXT 1997 (46)}) 18. dxc4 $146 {A logical but unpromising
novelty.} ({The earlier move was} 18. Rxc4 {was worse as it could have been
answered by} Be6 $1 ({and not} 18... Qb6 19. Bc3 $1 (19. Qa1 Be6 $15) 19... Ra6
20. Rxa4 Bxa3 21. Rxa6 Qxa6 22. Qa1 $14 {1-0 Danov,L (2226)-Kozhuharov,S (2463)
/Plovdiv 2014/CBM 158 Extra (34)}) 19. Rc3 (19. Rc2 Bb3 $17) (19. Rc1 Rb5 {
[%csl Ra3,Rb2]} 20. Qd2 Qb6 21. Rc2 Nd4 $17) 19... Rb5 $15 {[%csl Rb3]}) 18...
Bg4 19. Qxd8 Rxd8 20. e3 (20. f3 Bf5 $17 {[%csl Re4,Rg2]}) (20. Rc2 Nd4 21.
Bxd4 Rxd4 {[%csl Ra3]} 22. Ra1 Bf5 $17) (20. Rfe1 Ra6 21. Rb1 Rb6 22. Nc3 Bf5
23. e4 Be6 24. Nxa4 Ra6 25. Nc3 Bxc4 $15) 20... h6 {[%csl Rg5][%cal Gg4e6] /\..
.Be6} 21. Rfe1 Be6 22. Bf1 Bf5 23. Bg2 (23. Nc3 $6 Rd2 $17) (23. f3 Bxe4 24.
fxe4 Ra6 {[%cal Ga6b6,Gb6b3,Gf8c5]} (24... Bc5 $5) 25. c5 (25. Red1 Rxd1 26.
Rxd1 Rb6 27. Rd2 Rb3 $19 {[%csl Ra3,Re3]}) 25... Ra5 $15 {[%csl Rc5]}) 23...
Ra6 {[%csl Ra3,Rb2][%cal Ga6b6,Gf8a3,Gb6b3]} 24. c5 (24. Red1 Rxd1+ 25. Rxd1
Rb6 26. Bc1 (26. Rd2 Bxa3 $1 $19) 26... Na5 27. c5 Rb1 28. Nc3 Ra1 29. Bb2
Rxd1+ 30. Nxd1 Bxc5 $17) 24... Ra5 {[%cal Ga5b5,Gb5b3]} 25. Rc4 $6 {A mistake
in an already difficult position.} (25. Red1 Rxd1+ 26. Rxd1 Bxc5 27. Nxc5 Rxc5
28. Rd5 Rc2 29. Rb5 Nd8 $15) 25... Rb5 26. Bc3 Rb3 27. Ra1 Be6 28. Bf1 (28.
Rxa4 $2 f5 $19 {[%csl Rc3]}) 28... f5 $1 {Crushing White's hopes.} (28... Bxc4
29. Bxc4 $11 {[%csl Rb3]}) 29. Nd2 (29. Nd6 $2 b5 $1 $19) 29... Rxc3 30. Rxc3
Rxd2 31. Rb1 f4 ({It was much easier to play} 31... Na5 32. Rb5 (32. Rb6 Bd5
$19 {[%csl Ra3,Rc5,Rg1][%cal Gd5c6,Gd5h1]}) (32. Rb4 Nb3 33. Rxa4 Rd1 34. Kg2
Bd5+ 35. f3 Rd2+ 36. Kg1 Nxc5 $19) 32... Nb3 33. Bc4 (33. Rxb7 Rd1 $19 {
[%cal Gb3d2]} (33... Nxc5 $19)) 33... Bxc4 34. Rxc4 Nxc5 35. Rbxc5 Bxc5 36.
Rxc5 Rd3 37. Rc7 (37. Rxe5 Rxa3 38. Rxf5 Rb3 {[%cal Gb7b5,Ga4a3,Gb5b4]} 39. Ra5
a3 40. Kf1 b5 41. Ke2 Rb2+ 42. Kd3 b4 43. Kc4 a2 44. e4 b3 45. Kc3 Rb1 $19)
37... b6 38. Rc6 Rxa3 $19 {Five versus four should be a comfortable victory.})
32. Bc4 (32. Rxb7 Rd1 {[%cal Ge6h3]} 33. Kg2 Bd5+ 34. f3 Rd2+ $19 {[%csl Rb7]
[%cal Gf4e3,Gc6d4,Gd5b7]}) 32... Bxc4 33. Rxc4 fxe3 34. fxe3 Ra2 {Wrong choice,
making the win more difficult.} (34... Rd3 $142 35. Rxa4 Bxc5 36. Rxb7 Rxe3 (
36... Bxe3+ 37. Kg2 Nd4 38. Raa7 Rd2+ 39. Kh3 Ne6 $19 {[%cal Ge3a7]}) 37. Kg2
Bxa3 $19) 35. Rc3 (35. Rxa4 Bxc5 $19) 35... Na5 ({A better route was} 35... Nd8
36. h4 (36. Rb6 $2 Rxa3 $1 37. Rxa3 Bxc5 $19) (36. Rb4 Ne6 37. Rxa4 Bxc5 $19)
36... e4 37. Rb4 Ne6 38. Rxa4 Nxc5 39. Ra8 b6 40. Rb8 (40. Rc1 Re2 $1 41. Rf1
Nd7 42. Rd1 Nf6 43. Rdd8 Nh7 44. Rdb8 Rxe3 45. Kg2 Rb3 $19) 40... Re2 41. Kf1 (
41. Rxb6 Na4 $19) 41... Rd2 $17 {[%cal Gd2d6,Gd6f6]}) 36. Rb4 Nb3 37. Rxa4 Nxc5
38. Ra8 b6 $6 (38... Kf7 39. Rxf8+ Kxf8 40. Rxc5 $11) (38... Ne6 $142 $17) 39.
Rc1 $1 {[%cal Gc1f1]} Rd2 $6 (39... e4 $142 40. Rf1 Nd7 41. Rd1 Nf6 42. Rdd8
Nh7 43. Rdb8 {but although Black still keeps chances, it's no longer an easy
win. White could keep fighting, for example} Kf7 (43... Rb2 44. Rb7 (44. Ra6 b5
45. a4 $15) 44... Ng5 45. Rbb8 Ne6 46. Re8 Kf7 47. Rxe6 Kxe6 48. Rxf8 Rb3 49.
a4 Rxe3 50. Rb8 $11) 44. Rb7+ Ke6 45. Rxb6+ Bd6 46. Rd8 Rd2 47. a4 $13) 40. Rf1
Ne6 (40... Nd7 $2 41. Rd8 $18 {[%cal Gf1f8]}) 41. Re8 Rd6 42. Rf5 e4 43. h4 Rc6
44. g4 Kh7 45. Re5 Nc5 46. Rxf8 Nd7 47. Rfe8 1/2-1/2

[Event "EU-ch 18th"]
[Site "Minsk"]
[Date "2017.06.01"]
[Round "3"]
[White "Macieja, Bartlomiej"]
[Black "Sjugirov, Sanan"]
[Result "0-1"]
[WhiteElo "2530"]
[BlackElo "2654"]
[Annotator "Moradiabadi,E"]
[PlyCount "126"]
[EventDate "2017.05.30"]
[EventType "swiss"]
[EventRounds "11"]
[EventCountry "BLR"]
[SourceTitle "CBM 179"]
[Source "ChessBase"]
[SourceDate "2017.07.12"]
[SourceVersion "1"]
[SourceVersionDate "2017.07.12"]
[SourceQuality "1"]

1. c4 Nf6 2. Nc3 e5 3. Nf3 Nc6 4. g3 Bb4 5. Nd5 Nxd5 6. cxd5 Nd4 7. Nxd4 exd4
8. Bg2 O-O 9. O-O d6 10. a3 Bc5 11. b4 Bb6 12. e3 dxe3 13. dxe3 Qf6 14. Bd2 a5
15. a4 axb4 16. Bxb4 Ba5 17. Qb3 Bxb4 18. Qxb4 b6 19. a5 Bf5 20. Ra3 bxa5 21.
Rxa5 Rab8 22. Qf4 g5 23. Qf3 Qe5 24. Ra7 Rb4 25. Qd1 Rc4 26. Qa1 Qxa1 27. Raxa1
Rb8 28. Rfc1 Rbb4 29. Bf1 Rxc1 30. Rxc1 g4 31. Bc4 $4 {This is a serious waste
of time.} (31. h3 $1 gxh3 (31... h5 32. h4 Rb1 33. Rxb1 Bxb1 34. Bg2 Kg7 35. f4
gxf3 36. Bxf3 {and now White has h5 as a target in exchange for his d5-pawn.})
32. f3 {followed by e4 would secure a draw for White as all of White's pawns
are finally unified!}) 31... Kg7 $2 {This gives White an excellent drawing
chance.} (31... Be4 $1) 32. Ba6 $2 {But Macieja does not manage to take
advantage of it.} (32. h3 h5 33. Be2 Kh6 34. hxg4 hxg4 35. Rxc7 Rb1+ 36. Kg2
Be4+ 37. f3 gxf3+ 38. Bxf3 Rb2+ 39. Kg1 Bxf3 40. Rxf7 Bg2 41. Rf6+ Kg5 42. Rxd6
Kg4 43. e4 Bxe4 44. Rf6 Kxg3 45. Kf1 {and Tablebase claims that this is a draw!
}) 32... Kf6 33. Kf1 Rb6 34. Bc4 Ke5 (34... c5 35. dxc6 Rxc6 {is surprisingly
winning!} 36. Ke1 d5 $19) 35. Ke1 Rb1 $1 {Black wins the d5-pawn, and the game!
} 36. Rxb1 Bxb1 37. Be2 f5 38. Bf1 Kxd5 39. Kd2 Ke5 40. Kc3 c5 41. h3 Be4 42.
Kc4 Bd5+ 43. Kc3 Bf3 44. Kc4 Be4 45. h4 Bf3 46. Bd3 Bd5+ 47. Kc3 Be4 48. Bf1 d5
49. Be2 h6 50. Bd1 c4 51. Be2 Bf3 52. Bf1 Kd6 53. Kb4 Kc6 54. Kc3 Kc5 55. Kc2
Kb4 56. Kb2 Ka4 57. Ka2 Ka5 58. Ka1 Kb4 59. Kb2 h5 60. Kc2 Ka3 61. Kc3 Ka2 62.
Kc2 Be4+ 63. Kc1 Kb3 0-1